Statistics for Regions Of Namibia On A Map

Click here to take the quiz!

General Stats

  • This quiz has been taken 181 times
  • The average score is 8 of 14

Answers on the Map

Answers color-coded by a green-red scale on the quiz's map according to % correct below.
 

Answer Stats

Region% Correct
Zambezi
90%
Kavango East
71%
Kavango West
71%
Kunene
67%
ǁKaras
63%
Khomas
63%
Erongo
62%
Hardap
60%
Ohangwena
52%
Oshana
52%
Oshikoto
52%
Omaheke
48%
Omusati
48%
Otjozondjupa
46%

Score Distribution

Percentile by Number Answered

Percent of People with Each Score

Your Score History

You have not taken this quiz